000 01969nab a22002777a 4500
999 _c5266
_d5266
003 OSt
005 20250209230352.0
008 190603e xxum|||| |||| 00| 0 spa d
040 _cPJ
100 _94896
_aRolón, Avelino
245 1 3 _aLa partición por donación y la valuación de los bienes :
_bun caso resuelto bajo el Código Civil derogado. Su probable y diferente desenlace según el Código Civil y Comercial. La perspectiva de género en el derecho sucesorio /
_cAvelino Rolon.
260 _cCiudad Autónoma de Buenos Aires :
_aThomson Reuters La Ley,
_b2025.
300 _ap. 244-251.
500 _aCita Online: TR LALEY AR/DOC/57/2025. Publicado en: RCCyC 2025 (febrero) , 244.
505 _a Sumario: I. Introducción.— II. Los hechos del caso.— III. La partición por ascendientes. Variantes: por testamento y por donación.— IV. La justicia de la decisión a la luz de la regla de valuación de los bienes en la partición por donación según el Cód. Civil. Algunos elementos de hecho que no habrían sido probados y que podrían haber conducido a una solución diferente (cuestión de género aparte).— V. ¿Cuál sería la solución bajo el Cód. Civ. y Com.? ¿Cuándo se valúan los bienes en una partición por donación?— VI. La perspectiva de género.— VII. Conclusiones.
505 _aFallo Comentado: SC Mendoza, sala I ~ 05/08/2024 ~ Z., M. C. c. Z., J.A. y otros s/ acciones sucesorias s/ recurso extraordinario provincial.
505 _t¿Te interesa el texto completo? Solicitalo al correo: koha@justierradelfuego.gov.ar
650 0 _9888
_aSUCESIONES
650 0 _91037
_aHERENCIA
650 0 _94553
_aPARTICION DE LA HERENCIA
650 0 _94044
_aPERSPECTIVA DE GÉNERO
650 0 _91679
_aSOCIEDAD DE FAMILIA
653 _aPROCESO SUCESORIO
773 0 _02713
_93170
_dCiudad Autónoma de Buenos Aires : Thomson Reuters La Ley, 2015-
_tRevista Código Civil y Comercial. Nº 1 - Febrero 2025
942 _2udc
_cANA